000 00588nam a22002177a 4500
001 00028687
005 20260406122807.0
008 260401b ag ||||| |||| 00| 0 spa d
020 _a843992174
040 _aAR-CcCEOS
_bspa
_cAR-CcCEOS
041 _aspa
080 _a850-3
090 _bECO
100 1 _aEco, Umberto
_9518
245 _aObra abierta /
_cUmberto Eco
264 _aBarcelona :
_bPlaneta,
_cc1992.
300 _a351 p. ;
_c24x15 cm.
655 0 _aliteratura italiana
_vnovela
_9892
942 _2udc
_cBK
_n0
999 _c28720
_d28720